Tchajwanský finanční systém.

Stručný vývoj finančného systému. Zakladanie bánk: Centrálna banka Tchaj-wanu, obchodné banky, špeciálne banky, družstevné banky, zahraničné banky. Deregulácia finančného a bankového sektoru. Zmena bankového zákona. Rozšírenie bankového systému. Internacionalizácia bankových aktivít. Modernizácia ba...

Descripción completa

Guardado en:
Detalles Bibliográficos
Formato: Capítulo de libro
Lenguaje:checo
Materias:
Etiquetas: Agregar Etiqueta
Sin Etiquetas, Sea el primero en etiquetar este registro!

MARC

LEADER 00000naa a2200000 4500
001 r013324
005 20221213081809.1
041 0 |a cze 
044 |a CZ 
245 1 0 |a Tchajwanský finanční systém. 
520 |a Stručný vývoj finančného systému. Zakladanie bánk: Centrálna banka Tchaj-wanu, obchodné banky, špeciálne banky, družstevné banky, zahraničné banky. Deregulácia finančného a bankového sektoru. Zmena bankového zákona. Rozšírenie bankového systému. Internacionalizácia bankových aktivít. Modernizácia bankového sektoru. 
610 2 0 |a Taiwan 
610 2 0 |a banky 
610 2 0 |a sústava banková 
610 2 0 |a sústava finančná